[Event "EU-ch Amateurs U2000"]
[Site "Mali Losinj"]
[Date "2024.08.27"]
[Round "3"]
[White "Janas, Peter"]
[Black "Wolfmaier, Johannes"]
[Result "1-0"]
[WhiteElo "1787"]
[BlackElo "1705"]
[PlyCount "69"]
[EventDate "2024.08.25"]
[EventType "swiss"]
[EventRounds "9"]
[EventCountry "CRO"]
[SourceTitle "EXT 2025"]
[Source "ChessBase"]
[SourceDate "2024.10.14"]
[SourceVersion "1"]
[SourceVersionDate "2024.10.14"]
[SourceQuality "1"]

1. Nc3 Nf6 2. e4 d6 3. d4 g6 4. f4 Bg7 5. Nf3 0-0 6. Bd3 Nbd7 7. 0-0 c5 8. e5 Ne8 9. Bc4 a6 10. Bxf7+ Rxf7 11. e6 Rf8 12. exd7 Bxd7 13. dxc5 dxc5 14. Qd5+ Kh8 15. Ne5 Bxe5 16. Qxe5+ Ng7 17. Qxc5 Rc8 18. Qd4 e6 19. f5 Rxf5 20. Bh6 e5 21. Qe3 Rh5 22. Rf7 Ne6 23. g4 Rxh6 24. Qxh6 Qb6+ 25. Kf1 Bb5+ 26. Nxb5 Qxb5+ 27. Ke1 Qb4+ 28. c3 Qe4+ 29. Kf1 Qd3+ 30. Kg1 g5 31. Qxe6 Qe3+ 32. Kg2 Qe2+ 33. Kg3 Rd8 34. Qf6+ Kg8 35. Qg7# 1-0

[Event "EU-ch Amateurs U2000"]
[Site "Mali Losinj"]
[Date "2024.08.26"]
[Round "2"]
[White "Zubic, Aleksandar"]
[Black "Janas, Peter"]
[Result "1-0"]
[WhiteElo "1962"]
[BlackElo "1787"]
[PlyCount "115"]
[EventDate "2024.08.25"]
[EventType "swiss"]
[EventRounds "9"]
[EventCountry "CRO"]
[SourceTitle "EXT 2025"]
[Source "ChessBase"]
[SourceDate "2024.10.14"]
[SourceVersion "1"]
[SourceVersionDate "2024.10.14"]
[SourceQuality "1"]

1. e4 d5 2. exd5 Qxd5 3. Nc3 Qa5 4. d4 c6 5. Bd3 Nf6 6. Nf3 Bg4 7. h3 Bxf3 8. Qxf3 e6 9. 0-0 Nbd7 10. Bf4 Bb4 11. Ne4 Nxe4 12. Bxe4 Nf6 13. c3 Nxe4 14. Qxe4 Be7 15. Be5 f6 16. Bg3 Qf5 17. Rfe1 Kf7 18. Qe2 Rhe8 19. Rad1 Bf8 20. Rd3 Qd5 21. b3 b5 22. Qc2 Qd7 23. Rde3 g6 24. Qe4 Qd5 25. Qf4 Qd7 26. Rf3 Bg7 27. Bh4 f5 28. Bg5 Rac8 29. Qh4 Kg8 30. Bf6 Bxf6 31. Qxf6 Qe7 32. Qe5 Qg7 33. Qe2 Qd7 34. Re3 Kf7 35. Re5 Re7 36. Qe3 Rce8 37. Qh6 Kg8 38. b4 Rf8 39. h4 Rf6 40. R1e3 Rff7 41. Qg5 Rg7 42. Qf4 Qe8 43. Rc5 Kf7 44. Qd6 g5 45. Rxc6 gxh4 46. Rc7 Rxc7 47. Qxc7+ Kg8 48. Qe5 Rg6 49. Qxf5 Qc6 50. Qe4 Qc4 51. Qa8+ Kg7 52. Qxa7+ Kh6 53. Qe7 Qxa2 54. Qxh4+ Kg7 55. Qe7+ Kg8 56. Qe8+ Kg7 57. Qxb5 Qa8 58. Qe5+ 1-0

[Event "SVK-chT3A2 2122"]
[Site "Slovakia"]
[Date "2021.11.21"]
[Round "4.6"]
[White "Janas, Peter"]
[Black "Mraz, Jan"]
[Result "1-0"]
[WhiteElo "1648"]
[BlackElo "1616"]
[PlyCount "117"]
[EventDate "2021.10.10"]
[EventType "team-tourn"]
[EventRounds "11"]
[EventCountry "SVK"]
[SourceTitle "EXT 2023"]
[Source "ChessBase"]
[SourceDate "2022.10.05"]
[SourceVersion "1"]
[SourceVersionDate "2022.10.05"]
[SourceQuality "1"]
[WhiteTeam "Hlohovec"]
[BlackTeam "Gbely Nafta"]
[WhiteTeamCountry "SVK"]
[BlackTeamCountry "SVK"]

1. Nc3 e6 2. e4 b6 3. g3 Bb7 4. Bg2 g6 5. Nge2 Bg7 6. 0-0 Ne7 7. d4 d5 8. Bg5 c6 9. Qd2 f6 10. Bh6 0-0 11. Bxg7 Kxg7 12. Nf4 Bc8 13. Bh3 f5 14. exd5 Nxd5 15. Rfe1 Nxf4 16. Qxf4 Na6 17. Bg2 Nb4 18. Re2 Nd5 19. Qe5+ Rf6 20. Nxd5 exd5 21. Rae1 Ba6 22. Re3 Rc8 23. Ra3 Bb5 24. Rxa7+ Kh6 25. a4 Bxa4 26. h4 g5 27. hxg5+ Kxg5 28. Rxa4 Qc7 29. Qe3+ f4 30. gxf4+ Qxf4 31. Qxf4+ Rxf4 32. Re3 Rcf8 33. f3 R8f6 34. c3 h5 35. Ra8 h4 36. Kh2 h3 37. Kxh3 Rg6 38. Re5+ Kh6 39. Rh8+ Kg7 40. Rhh5 Rf8 41. Rhg5 Rff6 42. Kg4 Kf7 43. Rxg6 Rxg6+ 44. Rg5 Re6 45. Bf1 Re1 46. Ba6 Ra1 47. Bb7 Ra2 48. Bxc6 Rxb2 49. Bxd5+ Ke7 50. Re5+ Kd6 51. Bf7 Rg2+ 52. Kf4 Rg7 53. Be8 Rc7 54. Re3 Kd5 55. Kf5 Rh7 56. f4 Kc4 57. Kg6 Rh4 58. f5 b5 59. Bf7# 1-0

[Event "Piestany Slovakia op"]
[Site "Piestany"]
[Date "2021.07.18"]
[Round "9"]
[White "Janas, Peter"]
[Black "Novomeska, Karin"]
[Result "1-0"]
[WhiteElo "1715"]
[BlackElo "1455"]
[PlyCount "65"]
[EventDate "2021.07.10"]
[EventType "swiss"]
[EventRounds "9"]
[EventCountry "SVK"]
[SourceTitle "CBM 203 Extra"]
[Source "ChessBase"]
[SourceDate "2021.09.30"]
[SourceVersion "1"]
[SourceVersionDate "2021.09.30"]
[SourceQuality "1"]

1. Nc3 d5 2. e4 d4 3. Nce2 e5 4. Ng3 c5 5. Nf3 Nc6 6. Bb5 Bd6 7. d3 Nf6 8. 0-0 a6 9. Bxc6+ bxc6 10. Bg5 h6 11. Bxf6 Qxf6 12. Nh5 Qg6 13. Nh4 Qg5 14. Nf5 Bxf5 15. exf5 g6 16. fxg6 Qxg6 17. Qf3 Ke7 18. Ng3 Kd7 19. Rae1 Raf8 20. Qf5+ Qxf5 21. Nxf5 Rfg8 22. Nxd6 Kxd6 23. f4 f6 24. fxe5+ fxe5 25. Rf6+ Kd5 26. b3 Rg5 27. Re4 Rhg8 28. g3 h5 29. Kg2 Rh8 30. Kh3 Rg4 31. Re2 Rhg8 32. Rf5 R4g5 33. Rexe5+ 1-0

[Event "Piestany Slovakia op"]
[Site "Piestany"]
[Date "2021.07.17"]
[Round "8"]
[White "Janas, Peter"]
[Black "Kostic, Ivan"]
[Result "0-1"]
[WhiteElo "1715"]
[BlackElo "1564"]
[PlyCount "118"]
[EventDate "2021.07.10"]
[EventType "swiss"]
[EventRounds "9"]
[EventCountry "SVK"]
[SourceTitle "CBM 203 Extra"]
[Source "ChessBase"]
[SourceDate "2021.09.30"]
[SourceVersion "1"]
[SourceVersionDate "2021.09.30"]
[SourceQuality "1"]

1. d4 d5 2. Nf3 h6 3. c4 dxc4 4. e3 b5 5. a4 c6 6. Nc3 Qb6 7. Be2 e6 8. Bd2 Bb7 9. 0-0 a6 10. b3 cxb3 11. Qxb3 Nf6 12. Rfc1 Nbd7 13. Rab1 b4 14. Be1 a5 15. Bd3 Qd8 16. Ne4 Nxe4 17. Bxe4 Rc8 18. Rc2 Nf6 19. Bd3 Bd6 20. Rbc1 0-0 21. h3 Qb6 22. Bd2 c5 23. dxc5 Rxc5 24. Rxc5 Bxc5 25. Ne5 Qa7 26. Bb5 Rd8 27. Be1 Rc8 28. Rd1 Nd5 29. Nd7 Be7 30. Ne5 Bf6 31. Nc4 Rc7 32. Nd6 Bc6 33. Bc4 Rd7 34. Nb5 Qb7 35. Nd4 Nb6 36. Nxc6 Rxd1 37. Qxd1 Qxc6 38. Bb3 Nd7 39. Qc2 Nc5 40. Kf1 Qd6 41. Kg1 Nxb3 42. Qxb3 Qc6 43. Bd2 Bc3 44. Qc2 Qc7 45. Bc1 Qe5 46. Kh1 Qd5 47. Kg1 Bf6 48. Qc8+ Kh7 49. Qc2+ g6 50. Kh2 b3 51. Qe2 Qe5+ 52. f4 Qa1 53. Qc4 b2 54. Bxb2 Qxb2 55. Qc7 Kg7 56. Qxa5 Bc3 57. Qa7 Qd2 58. Qb6 g5 59. Qc7 Qxe3 0-1

[Event "Piestany Slovakia op"]
[Site "Piestany"]
[Date "2021.07.12"]
[Round "3"]
[White "Mandak, Miroslav"]
[Black "Janas, Peter"]
[Result "1-0"]
[WhiteElo "1922"]
[BlackElo "1715"]
[PlyCount "137"]
[EventDate "2021.07.10"]
[EventType "swiss"]
[EventRounds "9"]
[EventCountry "SVK"]
[SourceTitle "CBM 203 Extra"]
[Source "ChessBase"]
[SourceDate "2021.09.30"]
[SourceVersion "1"]
[SourceVersionDate "2021.09.30"]
[SourceQuality "1"]

1. d4 d5 2. Nf3 Nf6 3. Bf4 e6 4. e3 c5 5. c3 Be7 6. Nbd2 0-0 7. h3 Nc6 8. Bd3 h6 9. 0-0 Re8 10. Rc1 b6 11. Bh2 c4 12. Bb1 b5 13. Qc2 Bf8 14. Ne5 Bb7 15. Ndf3 Qe7 16. Nxc6 Bxc6 17. Ne5 Bb7 18. Ng4 g6 19. Bd6 Qd8 20. Bc7 Qe7 21. Bd6 Qd8 22. Bxf8 Nxg4 23. Bc5 Nf6 24. f3 Qc7 25. a4 a6 26. axb5 axb5 27. Qf2 Kg7 28. Rce1 Nh5 29. g4 Nf6 30. e4 e5 31. dxe5 Nd7 32. Bd4 Kh7 33. f4 dxe4 34. Bxe4 Bxe4 35. Rxe4 Rac8 36. Rfe1 Nc5 37. Bxc5 Qxc5 38. Qxc5 Rxc5 39. Kf2 Rd5 40. Rd4 Rc5 41. Rd7 Kg8 42. Ra1 Rc6 43. Rb7 g5 44. Rxb5 gxf4 45. Kf3 f6 46. Kxf4 fxe5+ 47. Rxe5 Rb8 48. Ra2 Rf6+ 49. Rf5 Rc6 50. h4 Kg7 51. Ke4 Rbc8 52. Ra7+ Kg8 53. g5 Rb6 54. Rf6 Rxb2 55. Rg6+ Kh8 56. Rxh6+ Kg8 57. Rah7 Rbb8 58. Rh8+ Kg7 59. Rxc8 Rxc8 60. Kd4 Rc7 61. Rd6 Rf7 62. h5 Rf4+ 63. Kc5 Rf5+ 64. Rd5 Rf4 65. Rd7+ Kg8 66. h6 Rf5+ 67. Rd5 Rf4 68. g6 Rf8 69. Kxc4 1-0

[Event "Piestany Slovakia op"]
[Site "Piestany"]
[Date "2021.07.11"]
[Round "2"]
[White "Janas, Peter"]
[Black "Sevcik, Ondrej"]
[Result "1-0"]
[WhiteElo "1715"]
[BlackElo "1006"]
[PlyCount "79"]
[EventDate "2021.07.10"]
[EventType "swiss"]
[EventRounds "9"]
[EventCountry "SVK"]
[SourceTitle "CBM 203 Extra"]
[Source "ChessBase"]
[SourceDate "2021.09.30"]
[SourceVersion "1"]
[SourceVersionDate "2021.09.30"]
[SourceQuality "1"]

1. Nc3 Nf6 2. d4 d5 3. Bg5 Nc6 4. Nf3 Bf5 5. a3 e6 6. e3 Be7 7. Bb5 Qd7 8. Ne5 Qd6 9. Bf4 Qd8 10. Nxc6 bxc6 11. Bxc6+ Nd7 12. Bxa8 Qxa8 13. Bxc7 Qb7 14. Bg3 Qxb2 15. Na4 Qxc2 16. Qxc2 Bxc2 17. Nc5 Nxc5 18. dxc5 0-0 19. 0-0 Bf6 20. Rac1 Bd3 21. Bd6 Rc8 22. Rfd1 Bb2 23. Rxd3 Bxc1 24. Rb3 h6 25. a4 Bd2 26. Rb7 a5 27. Kf1 Bb4 28. Rb5 f5 29. Ke2 Kf7 30. f4 g5 31. g3 Kf6 32. Be5+ Kf7 33. Bd6 Kf6 34. Kd3 Rc6 35. Kd4 Rc8 36. Rb7 Re8 37. Be5+ Kg6 38. c6 Rc8 39. c7 Kf7 40. Rb8 1-0

[Event "SVK-chT3A2 1819"]
[Site "Slovakia"]
[Date "2019.03.24"]
[Round "11.1"]
[White "Vepy, Ivan"]
[Black "Janas, Peter"]
[Result "1-0"]
[WhiteElo "1865"]
[BlackElo "1760"]
[PlyCount "83"]
[EventDate "2018.10.07"]
[EventType "team-tourn"]
[EventRounds "11"]
[EventCountry "SVK"]
[SourceTitle "EXT 2020"]
[Source "ChessBase"]
[SourceDate "2019.10.17"]
[SourceVersion "1"]
[SourceVersionDate "2019.10.17"]
[SourceQuality "1"]
[WhiteTeam "Skalica II"]
[BlackTeam "Hlohovec"]
[WhiteTeamCountry "SVK"]
[BlackTeamCountry "SVK"]

1. e4 Nf6 2. Nc3 d6 3. d4 g6 4. h3 Bg7 5. Nf3 c6 6. Be3 0-0 7. Qd2 a5 8. Bd3 b5 9. Bh6 Ba6 10. 0-0 b4 11. Na4 Bxd3 12. cxd3 Nbd7 13. Rac1 Nb6 14. Nxb6 Qxb6 15. Bxg7 Kxg7 16. Rfe1 Rac8 17. e5 Nd5 18. Re4 h6 19. Rh4 Rh8 20. Nh2 Qd8 21. f4 e6 22. Nf3 Ne7 23. g4 Nd5 24. Rf1 Qe7 25. f5 exf5 26. gxf5 f6 27. fxg6 f5 28. Kh1 f4 29. Rg1 Rcf8 30. Qc2 Rc8 31. Qc4 Qd7 32. Rh5 Qe7 33. Nh4 Qd7 34. Nf5+ Kg8 35. Nxd6 Rc7 36. Nf7 b3 37. Nxh8 Kxh8 38. Rxh6+ Kg8 39. g7 Rc8 40. Rh8+ Kf7 41. g8Q+ Rxg8 42. Rgxg8 1-0

[Event "SVK-chT3A2 1819"]
[Site "Slovakia"]
[Date "2019.03.10"]
[Round "10.1"]
[White "Matis, Tibor"]
[Black "Janas, Peter"]
[Result "1-0"]
[WhiteElo "1810"]
[BlackElo "1760"]
[PlyCount "158"]
[EventDate "2018.10.07"]
[EventType "team-tourn"]
[EventRounds "11"]
[EventCountry "SVK"]
[SourceTitle "EXT 2020"]
[Source "ChessBase"]
[SourceDate "2019.10.17"]
[SourceVersion "1"]
[SourceVersionDate "2019.10.17"]
[SourceQuality "1"]
[WhiteTeam "Dunajska Streda II"]
[BlackTeam "Hlohovec"]
[WhiteTeamCountry "SVK"]
[BlackTeamCountry "SVK"]

1. e4 d6 2. d4 g6 3. Bc4 Bg7 4. Nf3 Nf6 5. Nc3 0-0 6. 0-0 Nxe4 7. Nxe4 d5 8. Ned2 dxc4 9. Nxc4 Bg4 10. c3 Qd5 11. Ne3 Bxf3 12. Nxd5 Bxd1 13. Rxd1 Nc6 14. Nxc7 Rad8 15. Bf4 Rd7 16. Nb5 a6 17. Na3 b5 18. Nc2 Rfd8 19. Re1 a5 20. a3 b4 21. axb4 axb4 22. Ra6 Rc8 23. Rea1 h6 24. Ra8 Rxa8 25. Rxa8+ Kh7 26. Ra6 Nxd4 27. cxd4 b3 28. Na1 Rxd4 29. g3 Rd3 30. Kf1 Bxb2 31. Ke2 Rc3 32. Be5 Bxa1 33. Rxa1 Rc2+ 34. Kf3 Rc5 35. Bd4 Rb5 36. Ke4 f6 37. Rb1 Kg8 38. Kd3 Rb7 39. Kc4 Kf7 40. Rxb3 Rd7 41. Ra3 Rc7+ 42. Kd3 Rd7 43. Ke4 Rd6 44. f4 Re6+ 45. Kf3 f5 46. h3 h5 47. g4 Re4 48. Be5 hxg4+ 49. hxg4 Re1 50. g5 Rc1 51. Ke2 Rc6 52. Ra8 Ke6 53. Rd8 Ra6 54. Kd3 Rc6 55. Rd4 Rc1 56. Rc4 Rd1+ 57. Kc3 Rb1 58. Rc6+ Kf7 59. Kc4 Rc1+ 60. Kb5 Rd1 61. Kb6 Rd3 62. Kc7 Rd1 63. Kc8 Rd3 64. Rc2 Rd1 65. Rh2 Rc1+ 66. Kb7 Rb1+ 67. Ka6 Rc1 68. Rh7+ Ke8 69. Kb5 Kd7 70. Rg7 Rb1+ 71. Kc5 Rc1+ 72. Kd5 Rd1+ 73. Kc5 Rc1+ 74. Kb5 Rb1+ 75. Ka5 Ke6 76. Rxg6+ Kd5 77. Rg8 Rg1 78. g6 Rg2 79. g7 Ke6 1-0

[Event "SVK-chT4 A22 1819"]
[Site "Slovakia"]
[Date "2018.12.02"]
[Round "4.5"]
[White "Janas, Peter"]
[Black "Hornak, Pavol"]
[Result "0-1"]
[WhiteElo "1714"]
[BlackElo "1764"]
[PlyCount "96"]
[EventDate "2018.10.14"]
[EventType "team-tourn"]
[EventRounds "11"]
[EventCountry "SVK"]
[SourceTitle "EXT 2020"]
[Source "ChessBase"]
[SourceDate "2019.10.17"]
[SourceVersion "1"]
[SourceVersionDate "2019.10.17"]
[SourceQuality "1"]

1. Nf3 d5 2. d4 h6 3. Bf4 Bf5 4. c4 e6 5. Nc3 c6 6. cxd5 exd5 7. e3 Nf6 8. Bd3 Bxd3 9. Qxd3 Be7 10. 0-0 0-0 11. h3 Nbd7 12. a3 Nb6 13. Ne5 Nfd7 14. Rad1 Nxe5 15. dxe5 Nc4 16. Qe2 Nb6 17. Qg4 Kh7 18. Qh5 Bg5 19. Ne4 Bxf4 20. exf4 Nd7 21. Nd6 g6 22. Qe2 Rb8 23. g3 Qe7 24. Rfe1 Qe6 25. g4 f6 26. exf6 Qxd6 27. Qe7+ Qxe7 28. Rxe7+ Kg8 29. Rxd7 Rxf6 30. Re1 Rf7 31. Rde7 Rxe7 32. Rxe7 a5 33. Rc7 a4 34. Kg2 Rf8 35. Rxb7 Rxf4 36. Rb6 Rc4 37. Kf3 Kf7 38. Ke3 Ke6 39. Rb8 h5 40. f3 Kf6 41. f4 hxg4 42. hxg4 Rc2 43. Rf8+ Ke7 44. Rb8 Rh2 45. g5 Rh3+ 46. Kd4 Rf3 47. Rb7+ Kd6 48. Rg7 c5# 0-1

[Event "SVK-chT3A2 1819"]
[Site "Slovakia"]
[Date "2018.11.25"]
[Round "4.1"]
[White "Janas, Peter"]
[Black "Jakubec, Milan"]
[Result "0-1"]
[WhiteElo "1760"]
[BlackElo "2021"]
[PlyCount "87"]
[EventDate "2018.10.07"]
[EventType "team-tourn"]
[EventRounds "11"]
[EventCountry "SVK"]
[SourceTitle "EXT 2020"]
[Source "ChessBase"]
[SourceDate "2019.10.17"]
[SourceVersion "1"]
[SourceVersionDate "2019.10.17"]
[SourceQuality "1"]
[WhiteTeam "Hlohovec"]
[BlackTeam "Holic"]
[WhiteTeamCountry "SVK"]
[BlackTeamCountry "SVK"]

1. Nf3 d5 2. c4 e6 3. e3 Nf6 4. Nc3 c6 5. b3 Bd6 6. Bb2 0-0 7. Qc2 Nbd7 8. h4 e5 9. 0-0-0 Qe7 10. d4 e4 11. Ng5 h6 12. f4 exf3 13. e4 dxe4 14. gxf3 Bf4+ 15. Kb1 e3 16. Nge4 Nh5 17. Ne2 f5 18. Nxf4 Nxf4 19. Nc3 Nh5 20. Ne2 f4 21. Bh3 Ndf6 22. Bxc8 Raxc8 23. Qg6 Qf7 24. Rhg1 Qxg6+ 25. Rxg6 Kh7 26. Rdg1 Rcd8 27. Kc2 Rg8 28. R6g2 g5 29. hxg5 Rxg5 30. Rh2 Rdg8 31. Rgh1 Rg2 32. Kd3 Rxe2 33. Rxh5 Rd2+ 34. Kc3 Nxh5 35. Rxh5 Rgg2 36. Ba3 Rxa2 37. Bb4 e2 38. Re5 Rf2 39. d5 Rxf3+ 40. Kd4 Rxb3 41. dxc6 bxc6 42. Re7+ Kg6 43. Kc5 Rxb4 44. Kxb4 0-1

[Event "SVK-chT4 A22 1718"]
[Site "Slovakia"]
[Date "2018.02.25"]
[Round "10.4"]
[White "Janas, Peter"]
[Black "Rau, Vladimir"]
[Result "1-0"]
[WhiteElo "1784"]
[BlackElo "1675"]
[PlyCount "89"]
[EventDate "2017.10.01"]
[EventType "team-tourn"]
[EventRounds "11"]
[EventCountry "SVK"]
[SourceTitle "EXT 2020"]
[Source "ChessBase"]
[SourceDate "2019.10.17"]
[SourceVersion "1"]
[SourceVersionDate "2019.10.17"]
[SourceQuality "1"]

1. d4 d5 2. Nf3 Nf6 3. Bf4 Bf5 4. e3 e6 5. Bb5+ Nbd7 6. 0-0 Be7 7. Nbd2 0-0 8. Ne5 c6 9. Bd3 Bxd3 10. Nxd3 Rc8 11. h3 c5 12. c3 c4 13. Ne5 Nxe5 14. Bxe5 Nd7 15. Bh2 b5 16. a3 Nf6 17. Qc2 Qb6 18. e4 dxe4 19. Nxe4 Rfd8 20. Rfe1 Nd5 21. Qe2 a5 22. Rac1 b4 23. cxb4 axb4 24. Rxc4 bxa3 25. bxa3 Bxa3 26. Rxc8 Rxc8 27. Qd3 Qb4 28. Rd1 h6 29. Bd6 Qa4 30. Bxa3 Nf4 31. Qf3 Ne2+ 32. Qxe2 Qxa3 33. Ng3 Qb3 34. Kh2 Rc2 35. Qd3 Qa2 36. Ne4 Rc8 37. Rd2 Qa5 38. Rc2 Rd8 39. Qc3 Qf5 40. Qe3 Qg6 41. Rc7 f5 42. Nc5 Re8 43. Qe5 f4 44. Qxf4 Rf8 45. Qg3 1-0

[Event "SVK-chT4 A22 1718"]
[Site "Slovakia"]
[Date "2017.12.10"]
[Round "6.6"]
[White "Janas, Peter"]
[Black "Hornik, Andrej"]
[Result "1-0"]
[WhiteElo "1751"]
[BlackElo "1737"]
[PlyCount "51"]
[EventDate "2017.10.01"]
[EventType "team-tourn"]
[EventRounds "11"]
[EventCountry "SVK"]
[SourceTitle "EXT 2020"]
[Source "ChessBase"]
[SourceDate "2019.10.17"]
[SourceVersion "1"]
[SourceVersionDate "2019.10.17"]
[SourceQuality "1"]

1. d4 d5 2. Nf3 Nf6 3. c4 e6 4. Nc3 c6 5. Bf4 Bd6 6. Bg3 0-0 7. e3 Re8 8. Bd3 Bxg3 9. hxg3 Nbd7 10. Qc2 h6 11. 0-0-0 e5 12. dxe5 Nxe5 13. Nxe5 Rxe5 14. Rh4 Qe7 15. Kb1 dxc4 16. Rxc4 Be6 17. Rh4 b5 18. Ne4 Nxe4 19. Bxe4 Rc8 20. Bd3 a6 21. Ka1 c5 22. Qc3 Rd5 23. Rc1 c4 24. Bb1 b4 25. Qc2 b3 26. Qh7+ 1-0

[Event "SVK-chT3A2 1718"]
[Site "Slovakia"]
[Date "2017.10.22"]
[Round "2.2"]
[White "Janas, Peter"]
[Black "Markuliak, Mario"]
[Result "0-1"]
[WhiteElo "1737"]
[BlackElo "1883"]
[PlyCount "78"]
[EventDate "2017.10.08"]
[EventType "team-tourn"]
[EventRounds "11"]
[EventCountry "SVK"]
[SourceTitle "EXT 2020"]
[Source "ChessBase"]
[SourceDate "2019.10.17"]
[SourceVersion "1"]
[SourceVersionDate "2019.10.17"]
[SourceQuality "1"]
[WhiteTeam "Hlohovec"]
[BlackTeam "Cifer"]
[WhiteTeamCountry "SVK"]
[BlackTeamCountry "SVK"]

1. Nf3 d6 2. c4 Nd7 3. d4 e5 4. dxe5 Nxe5 5. Nxe5 dxe5 6. Qxd8+ Kxd8 7. Nc3 c6 8. e4 Be6 9. Be3 Kc7 10. a3 Nf6 11. f3 Nd7 12. Be2 Bc5 13. Bxc5 Nxc5 14. 0-0 Nb3 15. Rad1 Rhd8 16. Nb1 Rd4 17. Rxd4 Nxd4 18. Bd3 Rd8 19. b4 Nb3 20. Be2 Nd2 21. Rc1 Nxb1 22. Rxb1 Rd2 23. Kf1 Ra2 24. Rb3 Rxe2 25. Kxe2 Bxc4+ 26. Rd3 Kb6 27. Kd2 Bxd3 28. Kxd3 Kb5 29. Kc3 Ka4 30. Kb2 a5 31. bxa5 Kxa5 32. Kb3 b5 33. h3 c5 34. Kc3 Ka4 35. Kb2 c4 36. Ka2 c3 37. h4 g6 38. g3 h6 39. f4 f6 0-1